[Event "Wloclawek CC Classic 23rd"]
[Site "Wloclawek"]
[Date "2019.??.??"]
[Round "7"]
[White "Czekalski, Pawel"]
[Black "Gryczewski, Tomasz"]
[Result "0-1"]
[WhiteElo "1153"]
[BlackElo "1183"]
[PlyCount "100"]
[EventDate "2019.06.??"]
[EventType "swiss"]
[EventRounds "7"]
[EventCountry "POL"]
[SourceTitle "EXT 2021"]
[Source "ChessBase"]
[SourceDate "2020.10.23"]
[SourceVersion "1"]
[SourceVersionDate "2020.10.23"]
[SourceQuality "1"]

1. Nf3 Nc6 2. Nc3 e5 3. e3 Nf6 4. d4 e4 5. Ne5 Bb4 6. Bd2 d5 7. a3 Bxc3 8. bxc3 Nxe5 9. dxe5 Ng4 10. f4 exf3 11. Qxf3 Nxe5 12. Qg3 Qf6 13. Rb1 b6 14. Rb4 0-0 15. Rf4 Qd6 16. Bd3 Nxd3+ 17. cxd3 Qxa3 18. 0-0 Qd6 19. h4 h5 20. Qg5 Bg4 21. c4 f6 22. Qg6 dxc4 23. Bc3 Rf7 24. Rxf6 Rxf6 25. Rxf6 Qd7 26. Qg5 Rf8 27. Rg6 Rf7 28. d4 a5 29. d5 a4 30. e4 Be2 31. Bf6 Qg4 32. Qf5 Qxf5 33. exf5 Rxf6 34. Rg3 Rxf5 35. Re3 Rf1+ 36. Kh2 Bg4 37. Re7 Rf7 38. Re8+ Kh7 39. Rb8 Rd7 40. Ra8 b5 41. Ra7 Rxd5 42. Rxc7 a3 43. Ra7 b4 44. Ra4 Rb5 45. Ra7 c3 46. g3 c2 47. Rc7 b3 48. Kg2 a2 49. Kf2 a1Q 50. Ke3 Qe5+ 0-1

[Event "Wloclawek CC Classic 23rd"]
[Site "Wloclawek"]
[Date "2019.??.??"]
[Round "6"]
[White "Gryczewski, Tomasz"]
[Black "Bychowska, Marta"]
[Result "0-1"]
[WhiteElo "1183"]
[BlackElo "1322"]
[PlyCount "94"]
[EventDate "2019.06.??"]
[EventType "swiss"]
[EventRounds "7"]
[EventCountry "POL"]
[SourceTitle "EXT 2021"]
[Source "ChessBase"]
[SourceDate "2020.10.23"]
[SourceVersion "1"]
[SourceVersionDate "2020.10.23"]
[SourceQuality "1"]

1. e4 c5 2. Nf3 d6 3. d4 cxd4 4. Nxd4 Nf6 5. Bd3 e5 6. Nb3 Be6 7. Bg5 Be7 8. h3 h6 9. Bh4 Nc6 10. c3 Qc7 11. Qc2 0-0 12. N1d2 Nd7 13. Bxe7 Nxe7 14. 0-0-0 Nc5 15. Nxc5 Qxc5 16. Rhf1 Qa5 17. a3 Rac8 18. f4 exf4 19. Rxf4 Qg5 20. Rf2 Nc6 21. b4 Nd4 22. Qb2 Rxc3+ 23. Qxc3 Rc8 24. Qxc8+ Bxc8 25. Bc4 Be6 26. Bxe6 Nxe6 27. Kb2 Nf4 28. Nf3 Qg3 29. Rfd2 Nxg2 30. Nd4 Ne3 31. Rc1 Qe5 32. Rc3 Qxe4 33. Nb5 Nc4+ 34. Rxc4 Qxc4 35. Nxd6 Qf4 36. Kc2 Qg3 37. Rd3 Qg6 38. Nxb7 Qc6+ 39. Nc5 a5 40. Rc3 axb4 41. axb4 Qg6+ 42. Kb3 Qb1+ 43. Kc4 Qf1+ 44. Kb3 g5 45. Ka4 Qa1+ 46. Ra3 Qc1 47. Ka5 Qxa3+ 0-1

[Event "Wloclawek-ch"]
[Site "Wloclawek"]
[Date "2018.??.??"]
[Round "5"]
[White "Kaczynski, Maciej"]
[Black "Gryczewski, Tomasz"]
[Result "1-0"]
[WhiteElo "1469"]
[BlackElo "1235"]
[PlyCount "63"]
[EventDate "2018.09.??"]
[EventType "swiss"]
[EventRounds "9"]
[EventCountry "POL"]
[SourceTitle "EXT 2021"]
[Source "ChessBase"]
[SourceDate "2020.10.23"]
[SourceVersion "1"]
[SourceVersionDate "2020.10.23"]
[SourceQuality "1"]

1. f4 Nf6 2. Nf3 d5 3. d4 Bf5 4. e3 g6 5. Bd3 Bg7 6. 0-0 0-0 7. Bd2 Ne4 8. Be1 Nd7 9. Nbd2 Ndf6 10. h3 Nh5 11. g4 Nhg3 12. Bxg3 Nxg3 13. gxf5 Nxf1 14. Qxf1 c6 15. h4 e6 16. fxg6 fxg6 17. Qh3 Qe7 18. Kf2 h6 19. Bxg6 Rf6 20. Rg1 Raf8 21. a3 b6 22. Ke2 c5 23. c3 c4 24. Ne5 a5 25. Bh5 Qb7 26. Ng4 Rf5 27. Nxh6+ Kh8 28. Nxf5 Rxf5 29. Bg4 Rf6 30. Bxe6 Qc6 31. f5 Rf8 32. Qg4 1-0

[Event "Wloclawek-ch"]
[Site "Wloclawek"]
[Date "2018.??.??"]
[Round "1"]
[White "Matusiak, Marcin"]
[Black "Gryczewski, Tomasz"]
[Result "1-0"]
[WhiteElo "1621"]
[BlackElo "1235"]
[PlyCount "73"]
[EventDate "2018.09.??"]
[EventType "swiss"]
[EventRounds "9"]
[EventCountry "POL"]
[SourceTitle "EXT 2021"]
[Source "ChessBase"]
[SourceDate "2020.10.23"]
[SourceVersion "1"]
[SourceVersionDate "2020.10.23"]
[SourceQuality "1"]

1. d4 d5 2. Bf4 Nc6 3. e3 a6 4. Nf3 Nf6 5. c3 Bg4 6. Nbd2 e6 7. Bd3 Bd6 8. h3 Bh5 9. Qc2 h6 10. g4 g5 11. Bxd6 Bxg4 12. hxg4 Qxd6 13. Rg1 0-0-0 14. 0-0-0 Rdf8 15. c4 Nb4 16. Qb3 c5 17. a3 Nc6 18. cxd5 Nxd5 19. Ne4 Qc7 20. Qc2 cxd4 21. Nxd4 Kb8 22. Nxc6+ Qxc6 23. Qxc6 bxc6 24. Bxa6 Ka7 25. Bc4 Nb6 26. Bb3 f5 27. gxf5 exf5 28. Nc5 Rh7 29. Rd6 f4 30. e4 Rg7 31. Rxh6 g4 32. Ne6 Rff7 33. Nxg7 Rxg7 34. Rgh1 g3 35. Rh7 Rxh7 36. Rxh7+ Ka6 37. fxg3 1-0

[Event "Wloclawek CC Classic 16th"]
[Site "Wloclawek "]
[Date "2016.??.??"]
[Round "3"]
[White "Graczyk, Piotr"]
[Black "Gryczewski, Tomasz"]
[Result "1-0"]
[WhiteElo "1297"]
[BlackElo "1200"]
[PlyCount "113"]
[EventDate "2016.04.??"]
[EventType "swiss"]
[EventRounds "7"]
[EventCountry "POL"]
[SourceTitle "EXT 2021"]
[Source "ChessBase"]
[SourceDate "2020.10.23"]
[SourceVersion "1"]
[SourceVersionDate "2020.10.23"]
[SourceQuality "1"]

1. d4 Nf6 2. c4 e6 3. Nc3 Bb4 4. Qc2 0-0 5. Nf3 c6 6. e4 d6 7. Bg5 h6 8. Bh4 g5 9. Bg3 Nxe4 10. Qxe4 d5 11. Qc2 Nd7 12. h4 g4 13. Ne5 Nxe5 14. Bxe5 Qe8 15. Bf4 f5 16. Bxh6 Rf7 17. a3 Rh7 18. Bg5 Be7 19. Qd2 Qh5 20. Bxe7 Rxe7 21. Qg5+ Qxg5 22. hxg5 Kg7 23. Rh6 Bd7 24. 0-0-0 Rh8 25. Rxh8 Kxh8 26. Bd3 Kg7 27. Ne2 Kg6 28. Rh1 Kxg5 29. c5 e5 30. Rh8 e4 31. Bc2 Be8 32. Kd2 f4 33. Rg8+ Bg6 34. Nxf4 Kxf4 35. Rxg6 Rh7 36. g3+ Kf5 37. Rg8 Re7 38. Bd1 Rh7 39. Bxg4+ Kf6 40. Rb8 Rf7 41. Ke3 Kg5 42. Rg8+ Kf6 43. Bc8 Ke7 44. Bxb7 Kd7 45. Rg6 Kc7 46. Bxc6 a5 47. Bxd5 Rf3+ 48. Ke2 Rd3 49. Ra6 Rxd4 50. Bg8 Rd8 51. Bh7 Rb8 52. Rb6 Re8 53. g4 Re5 54. Rb5 Kc6 55. Rxa5 Rxc5 56. Rxc5+ Kxc5 57. g5 1-0